00532nam a2200181 a 4500001001300000003000900013005001700022008004100039020001000080082002000090100002100110245006400131260005900195500003500254505001700289650002300306700002100329nice12345678IN_TiNIC20260116013948.0050524s1998 muma grp 000 0 eng  ac10000a305.480297bMIS aMistry, Malika B aFact Sheet on the Levels of Education and Exposure to Media aMumbaibCentre for Study of Society and Secularic1998 aincludes index and biblioraphy2 aBibliography aMuslim Women-India1 aMistry, Malika B